Manchester City Players By Market Value (2023/24 Season) - Statistics

General Stats
  • This quiz has been taken 421 times
    246 since last reset
  • The average score is 8 of 18
Answer Stats
Market Value Player % Correct
€180.00m Erling Haaland
100%
€110.00m Phil Foden
94%
€80.00m Rúben Dias/Bernardo Silva
73%
€75.00m Jack Grealish/Joško Gvardiol
69%
€90.00m Rodri
69%
€70.00m Kevin de Bruyne
62%
€40.00m John Stones/Ederson
48%
€60.00m Julián Álvarez
48%
€13.00m Kyle Walker/Sergio Gómez
41%
€42.00m Nathan Aké
41%
€38.00m Manuel Akanji/Mateo Kovačić
38%
€28.00m Jérémy Doku
29%
€45.00m Matheus Nunes
29%
€200k Scott Carson
29%
€20.00m Rico Lewis
27%
€9.00m Stefan Ortega
27%
€32.00m Kalvin Phillips
15%
€3.50m Zack Steffen
7%
No matching quizzes found
Score Distribution
Percent of People with Each Score
Percentile by Number Answered
Your Score History
You have not taken this quiz since the last reset